00400 2200157 4500245004200000020002200042250000900064100001400073650002000087005001900107260005300126041001400179084000900193300003100202336000900233 aHarga Sebuah PercayacTere LiyehText a978-602-9474-12-1 a2017 aTere Liye aFiksi Indonesia a20240909093842 aJakartabPenerbit Mahaka publishingcCet. 6 2018 aIndonesia aNONE a298 hlm :c20.5 × 13.5 cm atext